Los reptiles /

Guardado en:
Autor Principal: Carr, Archie
Formato: Libro
Publicado: México : Life, 1970
Materias:
Etiquetas: Agregar Etiqueta
Sin Etiquetas, Sea el primero en etiquetar este registro!
LEADER 00569nam a22001935a 4500
001 CEM.cems001440
005 20060215000000.0
008 130507s1970##################000#0#####d
003 CEMS
082 0 4 |a 598.1 
100 1 |a Carr, Archie 
245 1 0 |a Los reptiles /  |c Archie Carr 
260 |a México :  |b Life,  |c 1970 
300 |a 192 p. 
505 0 |a Introducci¢n.-Tortugas.-La tuatara.-Alig tores, cocodrilos y gaviales. -Lagartos y serpientes. 
653 |a Reptiles 
653 |a Viboras 
653 |a Zoologia 
859 |a CEMS  |b BIB. CEMS - 11 de abril  |h 598.1  |i C23  |p 2737.74  |t Ej.1